| 000 | 00575nam a2200157 i 4500 | ||
|---|---|---|---|
| 001 | 99248 | ||
| 003 | ES-MaACL | ||
| 005 | 20230906182451.0 | ||
| 007 | t| | ||
| 008 | 050906s1902 sp ||||1| spa d | ||
| 100 | 1 |
_aMartín Barrales, José. _977411 |
|
| 245 | 1 | 0 |
_aComparación entre el desarrollo físico de los niños pobres y el de los bien acomodados _b: ensayo para un estudio del crecimiento. Tesis doctoral / _cpor José Martín Barrales. |
| 260 |
_aGranada : _bTip. de Indalecio Ventura López, _c1902. |
||
| 502 | _aTesis doctoral. | ||
| 852 |
_aES-MaACL _jT-1134-F-2 |
||
| 999 |
_c99248 _d99248 |
||